LEADER 00987nam0-22003251i-450- 001 990003753880403321 005 20071129120339.0 010 $a88-207-2808-7 035 $a000375388 035 $aFED01000375388 035 $a(Aleph)000375388FED01 035 $a000375388 100 $a20030910d1998----km-y0itay50------ba 101 0 $aita 105 $ay-------001yy 200 1 $aParole e corpi$eantropologia, discorso giuridico e politiche sessuali interraziali nella colonia Eritrea (1890-1941)$fBarbara Sòrgoni 210 $aNapoli$cLiguori$d1998 215 $aviii, 287 p.$d24 cm 225 1 $aAnthropos$v36 300 $aContiene bibl. (pp. 261-287) 610 0 $aERITREA$aColonialismo$aStudi antropologici 676 $a306.09635 700 1$aSòrgoni,$bBarbara$0389094 801 0$aIT$bUNINA$gRICA$2UNIMARC 901 $aBK 912 $a990003753880403321 952 $a306.09635 SOR 1$b7374$fBFS 959 $aBFS 996 $aParole e corpi$9145290 997 $aUNINA LEADER 01391nam 2200361z- 450 001 9910694119303321 005 20080910092116.0 035 $a(CKB)5860000000028249 035 $a(BIP)013955731 035 $a(EXLCZ)995860000000028249 100 $a20220406c2006uuuu -u- - 101 0 $aeng 200 10$aMedicare part D $eimplementation of the new drug benefit : hearing before the Subcommittee on Health of the Committee on Energy and Commerce, House of Representatives, One Hundred Ninth Congress, second session, March 1, 2006 215 $a1 online resource (iii, 205 p.) $cill 311 $a0-16-077824-7 517 $aMedicare part D 606 $aPharmaceutical services insurance$zUnited States 606 $aOlder people$xPharmaceutical assistance$zUnited States 606 $aMedicare 606 $aManaged care plans (Medical care)$zUnited States 610 $aOlder people 610 $aManaged care plans (medical care) 610 $aMedicare 610 $aMedical 615 0$aPharmaceutical services insurance 615 0$aOlder people$xPharmaceutical assistance 615 0$aMedicare. 615 0$aManaged care plans (Medical care) 712 02$aUnited States, Congress House Committee on Energy and Commerce Subcommittee on Health Staff,$4oth 906 $aBOOK 912 $a9910694119303321 996 $aMedicare Part D$93173020 997 $aUNINA